000
00294nam a22001337a 4500
008
181107b xxu||||| |||| 00| 0 eng d
020
_a
0618541888
041
_a
eng
080
_2
2nd
_a
371
100
_a
46
101
_a
EDU
245
_a
College Reading Series
_c
Mifflin, H
942
_2
udc
_c
BK
999
_c
52216
_d
52216